Medicine,healthcare and the raj : (Record no. 144825)

MARC details
000 -LEADER
fixed length control field 00574nam a22001817a 4500
010 ## - LCCN (DPL NO)
LC control number ENG-120409
020 ## - INTERNATIONAL STANDARD BOOK NUMBER
Terms of availability 500.00
International Standard Book Number 9789383968060
035 ## - SYSTEM CONTROL NUMBER
System control number EN-103941
037 ## - SOURCE OF ACQUISITION
Source of stock number/acquisition DBAD/PUB
082 ## - DEWEY DECIMAL CLASSIFICATION NUMBER
Classification number 610.954031
100 ## - MAIN ENTRY--PERSONAL NAME
Personal name Varma,Daya Ram
245 ## - TITLE STATEMENT
Title Medicine,healthcare and the raj :
Statement of responsibility, etc by Daya Ram Verma
Remainder of title The unacknowledged legacy /
260 ## - PUBLICATION, DISTRIBUTION, ETC. (IMPRINT)
Place of publication, distribution, etc Gurgaon
Name of publisher, distributor, etc Three Essays collective
Date of publication, distribution, etc 2015
270 ## - ADDRESS
Address B-957,palam vihar
City Gurgaon
Postal code 122017
300 ## - PHYSICAL DESCRIPTION
Extent xx,195p.
Dimensions 22cm(H.b)
500 ## - GENERAL NOTE
General note Includes references
942 ## - ADDED ENTRY ELEMENTS (KOHA)
Source of classification or shelving scheme Dewey Decimal Classification
Item type English Books
Classification part 610.954031
Call number suffix VAR
Holdings
Withdrawn status Lost status Not for loan Collection code Home library Current library Date acquired Source of acquisition Cost, normal purchase price Full call number Barcode Copy number Cost, replacement price Koha item type
      Non-fiction Patel Nagar Patel Nagar 18/09/2017 DBAD/PUB 500.00 610.954031 VAR EN-103941 1 500.00 English Books

© Delhi Public Library
Hit Counter
free hit counter